Voyage à travers la Franche-Comté / (Запис № 562786)
[ простий вигляд ]
| 000 -LEADER | |
|---|---|
| fixed length control field | 01279cam a2200265Ki 4500 |
| 001 - CONTROL NUMBER | |
| control field | voyageatraversla00cour |
| 003 - CONTROL NUMBER IDENTIFIER | |
| control field | CaSfIA |
| 005 - DATE AND TIME OF LATEST TRANSACTION | |
| control field | 20210119110152.0 |
| 007 - PHYSICAL DESCRIPTION FIXED FIELD--GENERAL INFORMATION | |
| fixed length control field | cr|||| |
| 008 - FIXED-LENGTH DATA ELEMENTS--GENERAL INFORMATION | |
| fixed length control field | 920427s1980 fr a 000 0 fre d |
| 040 ## - CATALOGING SOURCE | |
| Original cataloging agency | ZT3 |
| Language of cataloging | fre |
| Transcribing agency | ZT3 |
| Modifying agency | BDF |
| -- | CaSfIA |
| 035 ## - SYSTEM CONTROL NUMBER | |
| System control number | (OCoLC)25719608 |
| 029 1# - (OCLC) | |
| OCLC library identifier | ZWZ |
| System control number | 02322648X |
| 100 1# - MAIN ENTRY--PERSONAL NAME | |
| Personal name | Courthieu, Jean. |
| 245 10 - TITLE STATEMENT | |
| Title | Voyage à travers la Franche-Comté / |
| Medium | [electronic resource] |
| Statement of responsibility, etc | Jean Courthieu. |
| 260 ## - PUBLICATION, DISTRIBUTION, ETC. (IMPRINT) | |
| Place of publication, distribution, etc | Colmar-Ingersheim : |
| Name of publisher, distributor, etc | éditions S.A.E.P., |
| Date of publication, distribution, etc | 1980. |
| 300 ## - PHYSICAL DESCRIPTION | |
| Extent | 90 p. : |
| Other physical details | ill. en noir et en coul., couv. ill. en coul. ; |
| Dimensions | 20 x 21 cm. |
| 490 0# - SERIES STATEMENT | |
| Series statement | Voyage à travers la France |
| 506 ## - RESTRICTIONS ON ACCESS NOTE | |
| Standardized terminology for access restriction | Необхідна авторизація на https://archive.org/ (створення облікового запису безкоштовно) |
| 506 ## - RESTRICTIONS ON ACCESS NOTE | |
| Standardized terminology for access restriction | Необхідна авторизація на https://openlibrary.org/ (створення облікового запису безкоштовно) |
| 651 #7 - SUBJECT ADDED ENTRY--GEOGRAPHIC NAME | |
| Geographic name | Franche-Comté (France) |
| General subdivision | Descriptions et voyages. |
| Source of heading or term | ram |
| 856 41 - ELECTRONIC LOCATION AND ACCESS | |
| Uniform Resource Identifier | <a href="http://www.archive.org/details/voyageatraversla00cour">http://www.archive.org/details/voyageatraversla00cour</a> |
| Public note | Free eBook from the Internet Archive |
| 856 42 - ELECTRONIC LOCATION AND ACCESS | |
| Uniform Resource Identifier | <a href="http://www.openlibrary.org/books/OL24619125M">http://www.openlibrary.org/books/OL24619125M</a> |
| Public note | Additional information and access via Open Library |
| 942 ## - ADDED ENTRY ELEMENTS (KOHA) | |
| Koha item type | ЕКнига |
Немає доступних примірників.